000 00550nam a2200169Ia 4500
999 _c20092
_d20092
003 OSt
005 20200515094746.0
008 190216s9999||||xx |||||||||||||| ||und||
040 _coclc
082 _a949.5
_bKRE/O
100 _aAlfred Von Kremer
_92348
_bKremer, Alfred Von
245 4 _aThe Orient Under The Caliphs /
_cAlfred Von Kremer
260 _bPorcupine Press,
_c1977.
_aPhiladen Phia:
300 _a210p
650 0 _aHistory & geography
_92271
_vIslamic History
942 _cBK
_2ddc
_h949.5
_iKRE/O
_k949.5
_mKRE/O